Una vida aceptable /
I tiakina i:
| Kaituhi matua: | |
|---|---|
| Ētahi atu kaituhi: | |
| Hōputu: | Pukapuka |
| Reo: | Pāniora |
| I whakaputaina: |
Madrid, España :
Impedimenta,
2022, c2022
|
| Rangatū: | (Impedimenta) [s.n.]
|
| Ngā marau: | |
| Ngā Tūtohu: |
Kāore He Tūtohu, Me noho koe te mea tuatahi ki te tūtohu i tēnei pūkete!
|
MARC
| LEADER | 00000nam^a2200000^a^4500 | ||
|---|---|---|---|
| 001 | 000627512 | ||
| 005 | 20260203000000.0 | ||
| 009 | 20260310134054.783 | ||
| 020 | |a 978-84-18668-30-2 | ||
| 037 | |a Acervo ITESO - Biblioteca | ||
| 041 | |a ESP | ||
| 082 | |a 819. 13 |b GAL | ||
| 100 | |a Gallant, Mavis |e (autor) | ||
| 240 | 1 | 5 | |a [Una vida aceptable] |
| 245 | 1 | 4 | |a Una vida aceptable / |c M. Gallant ; tr. a cargo de M. Ros González. |
| 264 | 4 | |a Madrid, España : |b Impedimenta, |c 2022, c2022 | |
| 300 | |a 388 p. | ||
| 336 | |a texto |b txt |2 rdacontenido | ||
| 337 | |a sin mediación |b n |2 rdamedio | ||
| 338 | |a volumen |b nc |2 rdasoporte | ||
| 440 | 1 | |a (Impedimenta) [s.n.] | |
| 500 | |a Traducción de: A Fairly Good Time | ||
| 521 | |a FIL 2025 DIA | ||
| 545 | 0 | |a Mavis Gallant (Montreal, 1922 – París, 2014), escritora canadiense de expresión inglesa. Huérfana de padre (1932) y relegada por su madre, vuelta a casar, deambuló por más de una docena de escuelas en la región este de Estados Unidos y Canadá, en y alrededor de Nueva York (1935-1940), escenario de muchos de sus primeros cuentos. Trabajó brevemente en la naciente Oficina de Nacional de Cine de Canadá, antes de reportear para el semanario Montreal Standard (1944-1950), década durante la que publicó sus primeros cuentos en las revistas Preview y Northern Review. Abandonó el periodismo en 1950 y emigró a Europa con la esperanza de vivir exclusivamente de su escritura. Radicada en París por el resto de su vida, su relato "Madeline's Birthday" [El cumpleaños de Madeline] fue el primero de más de cien que publicó en la revista The New Yorker (1951-1995), medio canónico para el cuento de lengua inglesa. Identificada como una maestra del género, recibió el aplauso de la crítica, los lectores y colegas suyos de la altura de Alice Munro, quien la llamaba "una escritora temeraria". Recogió sus relatos en varias colecciones, como Elevado en un globo: doce historias de París (1985) y En tránsito (1988), luego reunidas en compilaciones y antologías, como la selección Los cuentos (1996). The New Yorker ha editado póstumamente The Uncollected Stories of Mavis Gallant [Los cuentos no recogidos de Mavis Gallant] (2024). Escribió también las novelas Agua verde, cielo verde (1959) y Una vida aceptable (1970); la obra de teatro What Is to Be Done? [¿Qué hacer?] (1983) y Paris Notebooks: Essays and Reviews [Cuadernos de París: ensayos y reseñas] (1986). Ha sido editado asimismo en español Los sucesos de mayo: París, 1968, diario de los acontecimientos clave de toda una generación, publicado originalmente en su cabecera The New Yorker. | |
| 580 | |a Existe 1 tarjeta postal vinculada con el recurso, en el registro 627631 | ||
| 649 | |a XX | ||
| 650 | |a Canadienses en París, Francia | ||
| 650 | |a Canadienses en Francia | ||
| 650 | |a Novela Quebequense | ||
| 650 | |a Novela Canadiense | ||
| 650 | |a Literatura en Inglés - |z Quebec, Canadá | ||
| 650 | |a Literatura en Inglés - |z Canadá | ||
| 650 | |a Literatura de Mujeres - |z Quebec, Canadá | ||
| 650 | |a Literatura de Mujeres - |z Canadá | ||
| 650 | |a Literatura Quebequense - |y Siglo XX | ||
| 650 | |a Literatura Canadiense - |y Siglo XX | ||
| 650 | |a París, Francia en la Literatura | ||
| 650 | |a Francia en la Literatura | ||
| 700 | |a Ros González, Miguel |e (traducción) | ||
| 910 | |a Fondo General | ||
| 920 | |a Impresos - Libros | ||
| 930 | |a Colección General | ||
| 940 | |a Literatura | ||
| 905 | |a 101 | ||
| 901 | |a 627512-10 |b IT1 |c LIT |i C192054 |u 20260203 | ||
| 902 | |a https://opac.biblio.iteso.mx/vufind/Record/000627512 | ||